00780nam a22001937a 4500003000200000005001700002008004100019050002500060100002700085245008500112260003700197300006000234504005600294650003700350651004200387942001200429999001900441952012600460020250115144359.0250115b xxu||||| |||| 00| 0 eng d aPN 780.5 b.G84 2021 aGuese, Bianca Camille  a21st century literature from the philippines and the worldc Bianca Camille Gues aBulacanbKLEAFS Publishingc2021 aiv, 180 pages : billustrations and pictures ;c26cm.  aIncludes bibliographical references and glossary.  aWorld literature—21st century. aPhilippine literature—21st century. 2lcccBK c366982d366982 00102lcc40aCLbCLcFILd2025-01-15eDONATIONkFILl0oPN 780.5 .G84 2021pC24145r2025-01-15 00:00:00w2025-01-15yBK